[Event "Chess24 Legends of Chess"]
[Site "Online"]
[Date "2020.07.18"]
[Round "6.5"]
[White "Nepomniachtchi, Ian"]
[Black "Anand, Viswanathan"]
[Result "1-0"]
[WhiteElo "2778"]
[BlackElo "2751"]
[Annotator "TA"]
[PlyCount "81"]
[EventDate "2020.07.21"]
[EventType "tourn"]
[SourceTitle "playchess.com"]
[Source "ChessBase"]
[SourceQuality "1"]

{[%evp 9,81,0,25,11,17,0,14,-2,2,0,45,28,8,8,39,22,44,10,10,16,23,11,15,14,20,5,15,0,0,0,0,0,0,0,0,6,40,0,0,0,0,0,0,0,0,0,0,0,0,0,0,0,0,0,20,0,22,0,27,0,75,3,12,0,0,0,11,5,5,0,35,5,538,525]} 1. Nf3 d5 2. e3 Nf6 3. c4 e6 4. Nc3 c5 5. cxd5 Nxd5 6. Qc2 {[#] A17: English Opening: 1...Nf6 with ...Bb4.} Nb4 $146 ({Predecessor:} 6... Be7 7. b3 O-O 8. Bb2 Nc6 9. a3 b6 10. h4 Bb7 11. Ng5 g6 12. f4 Rc8 13. Nce4 h5 {0-1 (29) Ganguly,S (2635)-Aryan,C (2585) chess.com INT 2020}) 7. Qb1 Be7 8. b3 {The position is equal.} Nd7 9. Bb2 a6 10. a3 Nc6 11. Ne4 Nf6 12. Bd3 Bd7 13. O-O Nxe4 14. Bxe4 f5 15. Bd3 ({Not} 15. Bxg7 Rg8 $17) 15... O-O 16. Qc2 b5 17. Rfd1 Rc8 18. Rac1 Bd6 19. e4 Nd4 20. Bxd4 cxd4 21. Qb2 Rxc1 22. Rxc1 Qf6 23. Re1 {[#] And now e5 would win.} e5 24. exf5 Bxf5 25. Qb1 g6 26. a4 Bg4 27. Be4 Kg7 28. h3 Bd7 29. axb5 Bxb5 30. Rc1 Qe7 31. Qc2 Rb8 32. Re1 Qd7 33. Bd5 Rc8 34. Qe4 {Hoping for Nxd4!} Qe7 {[#]} (34... Qf5 $11) 35. h4 (35. Nxd4 $1 $16 {[%mdl 512] Black must now prevent Ne6+.} exd4 36. Qxe7+ Bxe7 37. Rxe7+ Kf6 38. Rxh7) 35... Qf6 $11 36. Qg4 ({Reject} 36. Nxe5 Re8 $17) 36... Qf5 37. Qg3 Rc5 38. Be4 Qf6 39. h5 Be8 40. Nh4 Qf4 $2 {[%mdl 8192]} (40... a5 $11 {and Black stays safe.}) 41. Nf5+ $1 {[%mdl 64] Double Attack. Accuracy: White = 85%, Black = 73%.} 1-0

[Event "Chess24 Legends of Chess"]
[Site "Online"]
[Date "2020.07.26"]
[Round "6.5"]
[White "Kramnik, Vladimir"]
[Black "Gelfand, Boris"]
[Result "1-0"]
[WhiteElo "2756"]
[BlackElo "2702"]
[Annotator "TA"]
[PlyCount "99"]
[EventDate "2020.07.21"]
[EventType "tourn"]
[SourceTitle "playchess.com"]
[Source "ChessBase"]
[SourceQuality "1"]

{[%evp 9,99,0,-7,8,9,14,21,-15,-7,-32,-16,-32,-21,-58,0,-68,-25,-57,21,-43,11,10,10,-27,-2,-34,0,0,0,0,0,0,28,27,27,29,115,8,9,0,142,141,131,119,102,0,272,258,1043,1016,1010,1010,893,888,804,714,29975,29975,29975,29976,29976,29977,29977,29978,29978,29979,29981,29982,29982,29982,29985,29986,29986,29987,29991,29992,29992,29993,29994,29995,29995,29993,29995,29994,29994,29995,29996,29995,29995,29993,29996,29987]} 1. c4 c5 2. b3 Nf6 3. Bb2 Nc6 4. Nf3 d5 5. cxd5 Nxd5 6. Nc3 {A30: Symmetrical English: Double Fianchetto and Hedgehog.} e5 7. e3 Nxc3 8. Bxc3 {The position is equal.} (8. dxc3 {seems wilder.} Bf5 9. Nd2 Bd3 10. Bxd3 Qxd3 11. Qe2) 8... Bd6 {[#]} 9. Bc4 $146 ({Predecessor:} 9. Bb5 Qe7 10. Bxc6+ bxc6 11. d3 Ba6 12. Qc2 Rd8 13. Ba5 Rd7 14. Nd2 O-O 15. Nc4 {1-0 (48) Maghsoodloo,P (2664)-Vidit,S (2718) Douglas 2019}) 9... Qe7 10. h4 h6 11. Qc2 Bd7 (11... e4 $15 12. Ng1 O-O) 12. d3 (12. Bd5 $11) 12... O-O-O 13. O-O-O g5 (13... Kb8 $15) 14. Kb1 ({Better is} 14. d4 $11) 14... Kb8 ({Black should try} 14... g4 $15 15. Nd2 Kb8) 15. hxg5 $11 hxg5 16. Nd2 f5 17. g4 f4 18. Rxh8 Rxh8 19. Ne4 Bxg4 20. Rg1 {[%cal Bd1g1,Bg1g5,Bg5d5][%mdl 32]} Bf5 21. Nxd6 Qxd6 22. Rxg5 Bc8 (22... Rf8 $1 $11) 23. Kb2 (23. exf4 $1 $16 {Threatens to win with Qc1.} Nd4 24. Qc1 (24. fxe5 Qe7 $15)) 23... Rh2 24. exf4 Nd4 {[#]} (24... a6 $1 $11 {keeps the balance.}) 25. Qd2 $1 $36 {[%mdl 2048] Keeping Black busy.} ({Stronger than} 25. fxe5 Qe7 $17) 25... exf4 {[#]} 26. Rd5 $1 {[%cal Rd5d6]} Qf8 27. b4 (27. Bxd4 $16 cxd4 28. Rxd4) 27... b6 $2 {[%mdl 8192] Black is now going downhill.} (27... Nf3 $11 28. Qe2 cxb4 29. Be5+ Nxe5 30. Qxe5+ Ka8) 28. bxc5 $18 bxc5 $2 (28... Nc6 29. Rd6 Rh6 30. Rxh6 Qxh6) 29. Bxd4 cxd4 30. Rb5+ Bb7 31. Bd5 Rh7 32. Qb4 Qc8 33. Rxb7+ {White mates.} Rxb7 34. Qxb7+ Qxb7+ 35. Bxb7 Kxb7 {[%mdl 4096] Endgame K3P-K3P} 36. Kb3 Kb6 37. Kc4 Ka5 38. Kxd4 {K3P-KPP} Kb4 39. Ke4 a5 40. d4 a4 41. d5 Ka3 42. d6 Kxa2 {KPP-KPP} 43. d7 a3 44. d8=Q Kb2 45. Qd4+ Kb1 46. Qd3+ Kb2 47. Qd2+ Kb1 48. Qd1+ Kb2 49. Qe2+ Kb1 50. Kxf4 {Accuracy: White = 68%, Black = 48%.} 1-0

[Event "Chess24 Legends of Chess"]
[Site "Online"]
[Date "2020.07.18"]
[Round "6.5"]
[White "Svidler, Peter"]
[Black "Ivanchuk, Vasyl"]
[Result "1-0"]
[WhiteElo "2742"]
[BlackElo "2686"]
[Annotator "TA"]
[PlyCount "111"]
[EventDate "2020.07.21"]
[EventType "tourn"]
[SourceTitle "playchess.com"]
[Source "ChessBase"]
[SourceQuality "1"]

{[%evp 17,111,19,14,20,30,21,32,37,38,35,31,30,33,47,67,74,97,10,22,27,104,86,125,137,143,76,85,83,77,60,104,51,70,0,11,23,18,-35,-31,-65,-41,-129,0,0,0,0,0,0,0,0,0,0,8,8,8,8,41,41,41,49,49,49,16,0,84,90,151,151,158,8,98,82,68,87,77,0,0,-247,152,161,254,283,275,247,229,8,8,8,16,21,37,38,83,12,39,13]} 1. e4 c5 2. Nf3 d6 3. d4 cxd4 4. Nxd4 Nf6 5. Nc3 a6 6. Be3 e5 7. Nb3 Be6 8. f3 h5 9. Qd2 Nbd7 10. Nd5 {B90: Sicilian Najdorf: Unusual White 6th moves, 6 Be3 Ng4 and 6 Be3 e5.} Bxd5 11. exd5 g6 12. O-O-O Nb6 13. Kb1 Nbxd5 14. Bg5 Be7 $1 15. g3 {[%mdl 1024] White has compensation. The old main line.} O-O 16. h4 {[#]} Qc7 $146 ({Predecessor:} 16... a5 17. a4 Qc8 18. Bb5 Qc7 19. g4 Nf4 20. Bxf4 exf4 21. Qxf4 Rac8 22. Nd4 d5 23. Qxc7 Rxc7 {1-0 (45) Dambrauskas,V (2437)-Avotins,M (2400) ICCF email 2017}) 17. Bd3 ({White should play} 17. g4 $16) 17... a5 $11 {Threatening ...a4.} 18. a4 Nb4 (18... Nb6 $11) 19. Bb5 $16 d5 20. c3 Nc6 21. Bxf6 (21. g4 $142 $1) 21... Bxf6 22. Qxd5 Rad8 23. Qe4 Kg7 24. Rdg1 (24. Rxd8 $16 Nxd8 25. g4) 24... Rh8 $14 25. Ka2 (25. g4 $14) 25... Ne7 (25... Na7 $5 {[%cal Ra7b5]}) 26. g4 hxg4 27. Rxg4 (27. h5 $11) 27... Rh5 $15 28. Qc4 Qb6 29. f4 (29. Qe4 $15) 29... Nf5 (29... Nd5 $1 $17 {[%cal Rd5e3]} 30. fxe5 Rxe5) 30. fxe5 $11 Bxe5 {...Ne3 is the strong threat.} 31. Rg5 Rdh8 {White must now prevent ...Rxg5.} 32. Qd5 Bf6 33. Rxh5 Rxh5 34. Be2 $1 {[%cal Re2h5]} Rxh4 35. Rxh4 Bxh4 36. Nxa5 Qf2 (36... Ne3 $5 {[%cal Re3d5]} 37. Qd4+ Qxd4 38. cxd4 b6 $11) 37. Bc4 Ne3 38. Qxb7 Nd1 39. Qb3 Qd2 {And now ...Bf6 would win.} 40. Kb1 Bf6 (40... Qe1 $11 41. Ka2 Qd2) 41. Qc2 $1 $16 {[%cal Rc2d2]} ({Of course not} 41. Bxf7 $6 Qe1 $11) 41... Qe1 (41... Bxc3 $142 42. Qxd2 (42. Nb3 Qe1 $14) 42... Bxd2) 42. Ka2 $1 g5 {intending ...g4.} 43. Nb3 (43. Be2 $16 Ne3 44. Qd3) 43... g4 (43... Bxc3 $1 $11 44. bxc3 Nxc3+ 45. Kb2 Nxa4+ 46. Ka3 Qc3) 44. a5 $36 {[%mdl 2048] White has strong initiative.} g3 {aiming for ...Ne3.} 45. a6 {Threatens to win with a7.} Ne3 46. Qe4 ({White should try} 46. Qe2 $16 Qxe2 47. Bxe2) 46... g2 $11 47. Qb7 $2 (47. Bd3 $11 {and White is okay.} Qh4 48. Qxe3 Qa4+ 49. Kb1 Qxb3 50. Qg1) 47... Nxc4 $2 (47... g1=Q $19 48. Qxf7+ Kh6 49. Qxf6+ Qg6 50. Qf8+ Kh5 51. Qh8+ Kg4 52. Qd4+ Kh3) 48. Qxg2+ $16 Kh6 {[#]} (48... Kh7 $142 49. Qb7 Nd6) 49. a7 $1 $18 {[%cal Ra7a8]} Nb6 {[#]} 50. Qc6 $1 {[%cal Rc6f6]} Qe6 51. a8=Q $2 (51. Qxe6 $18 fxe6 52. c4 {[%mdl 64] Promotion}) 51... Nxa8 $11 52. Qxa8 Be7 53. Qh1+ Kg7 54. Qg2+ Kf8 55. Qa8+ (55. Qc2 $16) 55... Kg7 56. Qb7 {[%mdl 32768] Accuracy: White = 62%, Black = 62%. . Loss on time!?} 1-0

[Event "Chess24 Legends of Chess"]
[Site "Online"]
[Date "2020.07.18"]
[Round "7.1"]
[White "Ding, Liren"]
[Black "Giri, Anish"]
[Result "0-1"]
[WhiteElo "2836"]
[BlackElo "2731"]
[Annotator "TA"]
[PlyCount "46"]
[EventDate "2020.07.21"]
[EventType "tourn"]
[SourceTitle "playchess.com"]
[Source "ChessBase"]
[SourceQuality "1"]

{[%evp 9,46,14,18,-10,-9,-19,-5,-16,-16,-23,0,0,0,0,0,0,0,0,5,0,7,0,0,-17,0,0,0,-29,-26,-15,-14,-13,0,0,0,0,0,-79,-71]} 1. d4 Nf6 2. c4 e6 3. g3 d5 4. Bg2 Be7 5. Nf3 O-O 6. Qd3 {E06: Closed Catalan: Early deviations.} b6 {[#]} 7. cxd5 $146 ({Predecessor:} 7. Ne5 Bb7 8. O-O dxc4 9. Qxc4 Bxg2 10. Kxg2 Qd5+ 11. f3 Qxc4 12. Nxc4 Nc6 13. e3 Nb4 14. Nc3 c5 15. dxc5 Bxc5 16. a3 Nc2 17. Ra2 Nd5 18. Nxd5 exd5 19. b4 Nxe3+ 20. Nxe3 {1-0 (20) Mejias Robles,F (1935)-Fernandez Aransay,F (1786) Collado Villalba 2019}) 7... Nxd5 8. O-O {The position is equal.} Ba6 9. Qc2 Nd7 10. Nc3 c5 11. Nxd5 exd5 12. Re1 Re8 13. Bf4 Bf6 14. e3 Bb7 15. h4 h6 16. h5 Nf8 {[%cal Bd7f8,Bf8e6,Be6g5][%mdl 32]} 17. dxc5 Rc8 18. Qa4 (18. Nd4 $5 {[%cal Rc5c6]}) 18... bxc5 19. Qxa7 Re7 20. Qa3 Ne6 21. Be5 Bxe5 22. Nxe5 d4 23. e4 (23. Rac1 $11) 23... Ng5 {Accuracy: White = 79%, Black = 100%.} 0-1

[Event "Chess24 Legends of Chess"]
[Site "Online"]
[Date "2020.07.18"]
[Round "7.1"]
[White "Svidler, Peter"]
[Black "Carlsen, Magnus"]
[Result "1/2-1/2"]
[WhiteElo "2742"]
[BlackElo "2881"]
[Annotator "TA"]
[PlyCount "113"]
[EventDate "2020.07.21"]
[EventType "tourn"]
[SourceTitle "playchess.com"]
[Source "ChessBase"]
[SourceQuality "1"]

{[%evp 9,113,17,27,0,0,0,0,0,0,-42,-50,-36,-33,-38,-29,-39,-32,-94,-125,-96,-89,-91,-81,-79,-81,-96,-83,-98,-80,-71,-57,-74,-76,-60,-72,-116,-37,-38,-34,-73,-70,-82,-77,-87,-64,-90,-85,-100,-98,-112,-109,-160,-133,-116,-43,-36,-49,-41,-52,-52,-52,-62,-29,-34,-23,-28,0,0,0,0,0,0,0,0,0,0,0,0,0,0,0,0,0,0,0,0,0,0,0,0,0,0,0,0,0,0,0,0,0,0,0,0,0,0,0,0]} 1. c4 e5 2. g3 Nf6 3. Bg2 d5 4. cxd5 Nxd5 5. Nc3 Nf6 6. Qb3 {[#] A22: English Opening: 1...e5 2 Nc3 Nf6.} Nc6 $146 ({Predecessor:} 6... c6 7. Nf3 Bd6 8. d3 h6 9. O-O O-O 10. a4 Nbd7 11. d4 exd4 12. Nxd4 Bc5 13. Qc4 Bb6 {1-0 (30) Milenkovic,S (2179)-Rilak,S (2089) Serbia 2007}) 7. Bxc6+ bxc6 8. Nf3 Bd6 9. d4 exd4 $1 10. Nxd4 O-O 11. Qc4 Qd7 12. Bg5 Nd5 13. Ne4 ({Not} 13. Qxc6 $2 Qxc6 14. Nxc6 Nxc3 $19) (13. O-O $15) 13... Nb6 $17 14. Qd3 Bb4+ 15. Bd2 {[#]} Ba6 $1 {[%cal Ra6d3][%mdl 512]} 16. Qxa6 Qxd4 17. Qd3 Qxb2 18. Qb1 Bxd2+ 19. Nxd2 Qe5 20. Nf3 Qc3+ 21. Kf1 Rfe8 22. e3 Qf6 ({Black should play} 22... Nd5 $17 {Threatens to win with ...Nxe3+!} 23. Qc1 Qd3+ 24. Kg1 Rab8 25. Qxc6 Red8) 23. Kg2 $15 c5 24. Qc2 c4 25. Rhd1 Rad8 $36 {[%mdl 2048] Black is on the roll.} 26. Rac1 Qc6 27. Rxd8 Rxd8 28. e4 Qe6 29. Rd1 Rd6 30. a4 (30. Kf1 $142) 30... Rxd1 31. Qxd1 {White threatens Qd8+ and mate.} Qd6 (31... Qd7 $17 32. Qxd7 Nxd7) 32. Qxd6 $1 cxd6 {[%mdl 4096] Endgame KN-KN} 33. a5 Na4 34. Nd4 Nc5 35. Kf3 a6 36. Ke3 Kf8 37. Nc6 c3 38. Nb4 {The position is equal.} Ke8 39. Kd4 Kd7 40. f3 {[#]} c2 $1 {[%mdl 512]} 41. Nxc2 Nb3+ 42. Kd5 Nxa5 43. Nb4 Nb3 44. Nxa6 Nd2 45. f4 Nf1 46. Nb8+ Kc7 47. Na6+ Kd7 48. Nb8+ Ke8 49. Kxd6 Nxh2 50. Nc6 h5 {Black wants to play ...Nf1.} 51. Nd4 Nf1 52. Ne2 g6 53. e5 Ne3 54. Nd4 Nf1 55. Ne2 Ne3 56. Nd4 Nf1 57. Ne2 {Accuracy: White = 79%, Black = 91%.} 1/2-1/2

[Event "Chess24 Legends of Chess"]
[Site "Online"]
[Date "2020.07.18"]
[Round "7.1"]
[White "Leko, Peter"]
[Black "Nepomniachtchi, Ian"]
[Result "1/2-1/2"]
[WhiteElo "2710"]
[BlackElo "2778"]
[Annotator "TA"]
[PlyCount "84"]
[EventDate "2020.07.21"]
[EventType "tourn"]
[SourceTitle "playchess.com"]
[Source "ChessBase"]
[SourceQuality "1"]

{[%evp 26,84,10,0,0,0,16,12,12,13,12,10,10,22,25,10,7,4,4,4,4,4,4,6,5,4,4,0,0,0,0,0,0,0,0,0,0,0,0,0,0,0,0,0,0,0,0,0,0,0,0,0,0,0,0,0,0,0,0,0,0]} 1. d4 Nf6 2. c4 e6 3. Nf3 d5 4. Nc3 c5 5. cxd5 Nxd5 6. e4 Nxc3 7. bxc3 cxd4 8. cxd4 Bb4+ 9. Bd2 Bxd2+ 10. Qxd2 O-O 11. Bc4 Nd7 12. O-O b6 13. Rad1 Bb7 14. Rfe1 Rc8 {D41: Queen's Gambit Declined: Semi-Tarrasch with 5 cxd5.} 15. Bb3 h6 16. Re3 Nf6 17. d5 exd5 18. exd5 {Threatening d6.} Qd6 19. Nh4 Rfe8 $1 20. Nf5 Qd7 {The position is equal.} 21. Rf3 {Black must now prevent Nxh6+!} Bxd5 $1 {[#]} 22. Nxh6+ $146 {[%mdl 512]} ({Predecessor:} 22. Bxd5 Rc5 23. Nxh6+ Kf8 24. Qb4 a5 25. Qb1 Rxd5 26. Rf1 Qb5 27. h3 Qxb1 28. Rxb1 Re6 29. Nf5 g6 30. Ne3 Rd4 31. Rc1 Nd7 32. Rc8+ Re8 33. Rc7 b5 {½-½ (33) Eljanov,P (2663)-Keymer,V (2506) Douglas 2019}) 22... gxh6 23. Rxf6 Qe7 {...Bxb3 is the strong threat.} 24. Rf4 ({Don't blunder} 24. Rxh6 $2 Bxb3 25. Rf1 (25. axb3 $2 Rcd8 $19) 25... Bc2 $19) 24... Bxb3 $1 25. axb3 Qe2 $132 {[%mdl 2048] Black is not keeping still} 26. g3 (26. Qxe2 {seems wilder.} Rxe2 27. g3 Rce8 28. Rd7 R8e7 29. Rd8+) 26... Qxd2 27. Rxd2 $11 {[%mdl 4096] Endgame Hoping for Rd7. KRR-KRR} Rcd8 28. Ra2 Rd7 29. Rfa4 Re1+ 30. Kg2 Rb1 31. Rxa7 (31. Rg4+ {keeps more tension.} Kh7 32. b4 Rbd1 33. h4 R1d5 34. Ra3) 31... Rxa7 32. Rxa7 Rxb3 {KR-KR} 33. g4 Kg7 34. f3 Rb5 35. Kg3 h5 36. h3 hxg4 37. hxg4 Rb3 38. Rb7 Kg6 39. Kf4 Rb4+ 40. Kg3 Rb3 41. Kf4 Rb4+ 42. Kg3 f5 {Not much happened in this game. Accuracy: White = 100%, Black = 100%.} 1/2-1/2

[Event "Chess24 Legends of Chess"]
[Site "Online"]
[Date "2020.07.18"]
[Round "7.1"]
[White "Gelfand, Boris"]
[Black "Anand, Viswanathan"]
[Result "0-1"]
[WhiteElo "2702"]
[BlackElo "2751"]
[Annotator "TA"]
[PlyCount "90"]
[EventDate "2020.07.21"]
[EventType "tourn"]
[SourceTitle "playchess.com"]
[Source "ChessBase"]
[SourceQuality "1"]

{[%evp 11,90,0,0,0,0,-12,35,26,22,17,39,35,54,31,62,52,69,57,45,62,87,87,89,97,152,153,143,151,165,143,156,148,139,140,141,132,122,114,80,64,35,55,45,81,54,3,3,3,3,3,3,3,3,3,3,3,3,3,3,0,0,0,0,0,0,-112,-106,-206,-214,-329,-322,-308,-315,-6191,-904,-29982,-29983,-29983,-29984,-29983,-29984]} 1. d4 Nf6 2. c4 e6 3. Nf3 d5 4. g3 Bb4+ 5. Bd2 Be7 6. Bg2 O-O 7. Qc2 {E11: Bogo-Indian.} Nbd7 {[#]} 8. h4 $146 ({Predecessor:} 8. O-O c6 9. Rd1 b6 10. b3 a5 11. Bc3 Ne4 12. Bb2 Ba6 13. Ne1 f5 14. Nd2 Bd6 15. Nd3 Qf6 16. Nf3 Rac8 17. Rac1 Qe7 18. Nfe5 Nxe5 19. Nxe5 {½-½ (42) Wojtaszek,R (2719)-Kashlinskaya,A (2494) chess.com INT 2020}) 8... c5 9. cxd5 {White is slightly better.} exd5 10. Nc3 Re8 11. O-O h6 12. Bf4 {Nb5 is the strong threat.} a6 13. Rad1 $36 {[%mdl 2048] Black is under pressure.} c4 14. Ne5 Nb6 15. b3 Bb4 16. bxc4 dxc4 17. e4 a5 {[#]} (17... Ng4 $142) 18. Nb5 $1 $16 Nh5 19. Be3 ({Reject} 19. Nxc4 $6 Nxf4 20. Nxb6 (20. gxf4 Nxc4 21. Qxc4 Bg4 $15) 20... Qxb6 $11) 19... Bd7 20. Nxd7 Qxd7 21. a4 Nf6 22. d5 Nxa4 23. Qxa4 Nxe4 24. Bxe4 Rxe4 25. Nc3 Qxa4 26. Nxa4 {And now d6 would win.} b5 27. Nb6 Rd8 28. Bf4 (28. Kg2 $14) 28... Bd6 $1 $11 {[%cal Rd6f4]} 29. Bxd6 Rxd6 30. Nc8 Rd7 $1 31. d6 c3 $1 32. Rd5 b4 $1 33. Nb6 Rd8 34. d7 Re6 $1 {[%cal Re6b6]} 35. Na4 Rc6 36. Nc5 {Hoping for Re5.} Rc7 37. Re5 {Threatens to win with Re8+.} Kh7 38. Ra1 (38. Rc1 $11 {remains equal.}) 38... a4 39. Rxa4 {[#]} (39. Nxa4 $17 {was worth a try.} c2 40. Ree1 (40. Nc5 $2 Rcxd7 41. Nxd7 b3 $19)) 39... c2 $1 $19 {[%cal Rc2c1]} 40. Ra1 (40. Nb3 $142 Rdxd7 41. Ra2) 40... Rdxd7 41. Nxd7 Rxd7 42. Rc5 $2 (42. Ree1 b3 43. Rab1) 42... b3 (42... Rd1+ $142 43. Kg2 b3) 43. Rf1 Rd1 {Black mates.} 44. Kg2 Rxf1 45. Kxf1 b2 {What a bad dream for White. Accuracy: White = 68%, Black = 82%.} 0-1

[Event "Chess24 Legends of Chess"]
[Site "Online"]
[Date "2020.07.18"]
[Round "7.1"]
[White "Ivanchuk, Vasyl"]
[Black "Kramnik, Vladimir"]
[Result "1-0"]
[WhiteElo "2686"]
[BlackElo "2756"]
[Annotator "TA"]
[PlyCount "113"]
[EventDate "2020.07.21"]
[EventType "tourn"]
[SourceTitle "playchess.com"]
[Source "ChessBase"]
[SourceQuality "1"]

{[%evp 19,113,25,25,37,34,21,35,29,22,17,20,12,13,8,18,5,8,8,9,0,0,0,0,0,0,0,0,0,0,0,0,0,0,0,0,0,5,3,4,4,5,5,18,4,14,4,32,26,72,43,56,8,140,116,116,111,88,8,157,166,242,91,329,331,353,353,353,353,353,346,359,385,706,690,875,1708,1329,1290,1531,1262,2872,2626,29975,29974,7212,6149,29983,29984,29984,29985,29986,29987,29987,29987,29986,29987]} 1. d4 Nf6 2. c4 e6 3. Nf3 d5 4. Nc3 c5 5. e3 dxc4 6. Bxc4 a6 7. O-O b5 8. Be2 Bb7 9. dxc5 Bxc5 10. Qxd8+ Kxd8 11. Nd2 {D27: Queen's Gambit Accepted: Classical main line: 7 e4!? and 7 a4.} Ke7 {now scores much better than the old 11...Nbd7. Played by David Anton Guijarro in July 2020.} 12. Nb3 Nbd7 13. Nxc5 {White is slightly better.} Nxc5 14. f3 {[#]} b4 $146 ({Predecessor:} 14... Rhd8 15. e4 Nd3 16. Rd1 Nxc1 17. Raxc1 Nd7 18. Kf2 g5 19. Ke3 Ne5 20. b3 Rac8 21. Rxd8 Rxd8 {0-1 (40) Laznicka,V (2648)-Vallejo Pons,F (2704) Moscow 2019}) 15. Nd1 a5 16. e4 Ba6 17. Be3 Rhc8 18. Bxa6 Rxa6 19. Rc1 Rac6 20. Nf2 Nfd7 21. b3 f6 22. Rfd1 Nb7 23. Nd3 Nd6 24. Nb2 Rc3 25. Kf2 Ne5 26. Ke2 $1 Nb5 27. Na4 {[#]} Nd4+ $1 {[%mdl 512]} 28. Kf1 (28. Rxd4 Rxe3+) 28... Rxc1 29. Rxc1 Rxc1+ 30. Bxc1 $11 {[%mdl 4096] Endgame KBN-KNN} Kd6 31. Be3 Nec6 32. Bf2 e5 33. Ke1 g5 34. Kd2 h5 35. Kd3 h4 (35... Ne6 $1 $11) 36. Kc4 $16 h3 37. gxh3 Nxf3 38. Kb5 (38. Bc5+ $16 Kc7 39. Nb6) 38... Ncd4+ ({Don't play} 38... Nxh2 $6 39. Nb6 $16) (38... Nd2 $11 {remains equal.} 39. Bc5+ Kc7) 39. Kxa5 Nc2 (39... Nd2 {keeps fighting.}) 40. Nb6 $2 (40. Bc5+ $18 Kd7 41. Bxb4) 40... Kc6 $2 {This costs Black the game.} (40... Ke6 $16) 41. Nd5 $18 {[%mdl 64] [#] Double Attack} Nd2 42. Nxf6 Kd6 43. h4 gxh4 44. Bxh4 Ke6 {intending ...Nf3.} 45. Bg5 Nb1 $2 (45... Nxe4 46. Nxe4 Kf5) 46. Nd5 Nc3 47. Nxc3 bxc3 {KB-KN} 48. h4 Kf7 49. a4 {[%cal Ba2a4,Ba4a5,Ba5a6,Ba6a7][%mdl 32]} Nd4 50. Kb4 Ne2 51. a5 c2 52. Bd2 Ng3 53. a6 {White mates.} Nxe4 54. Bc1 Nf6 55. a7 Nd5+ 56. Kc5 Nc7 57. Kc6 {Accuracy: White = 87%, Black = 52%.} 1-0

[Event "Chess24 Legends of Chess"]
[Site "Online"]
[Date "2020.07.18"]
[Round "7.2"]
[White "Carlsen, Magnus"]
[Black "Svidler, Peter"]
[Result "1/2-1/2"]
[WhiteElo "2881"]
[BlackElo "2742"]
[Annotator "TA"]
[PlyCount "138"]
[EventDate "2020.07.21"]
[EventType "tourn"]
[SourceTitle "playchess.com"]
[Source "ChessBase"]
[SourceQuality "1"]

{[%evp 19,138,24,13,6,18,13,16,21,5,2,10,16,6,4,49,49,81,71,77,47,43,41,70,65,167,78,112,104,134,143,167,150,131,151,136,111,147,148,233,224,233,226,176,137,147,93,275,0,89,0,155,159,293,295,265,306,302,84,84,81,81,81,81,81,81,81,81,81,81,81,81,81,81,81,81,81,81,81,81,0,81,81,81,81,81,81,81,81,81,81,81,81,81,81,81,43,43,43,43,0,0,0,0,0,0,0,0,0,0,0,0,0,0,0,0,0,0,0,0,0,0]} 1. e4 e5 2. Nf3 Nc6 3. Bb5 a6 4. Ba4 Nf6 5. O-O Be7 6. d3 b5 7. Bb3 d6 8. c3 O-O 9. Re1 Na5 10. Bc2 c5 11. d4 {C90: Closed Ruy Lopez with 7...d6: Early deviations.} (11. Nbd2 Nc6 12. Nf1 h6 13. Ne3 Be6 14. d4 cxd4 15. cxd4 Nxd4 16. Nxd4 exd4 17. Qxd4 Rc8 18. Bb3 Nd7 19. Nd5 Bxd5 20. Qxd5 Nc5 {½-½ (54) Carlsen,M (2850)-Svidler,P (2727) Berlin 2015}) 11... Nd7 {[#]} 12. dxc5 $5 $146 {[%mdl 8] An interesting novelty.} ({Predecessor:} 12. Nbd2 exd4 13. cxd4 Nc6 14. Nf1 Bf6 15. Be3 Bb7 16. Rc1 Re8 17. Ng3 g6 18. d5 Nb4 {1-0 (58) McShane,L (2671)-Howell,D (2663) London 2016}) 12... dxc5 13. Nbd2 Bb7 14. b3 Qc7 15. Nf1 Rfd8 16. Qe2 Nb6 17. Ne3 g6 18. h4 Nc6 19. h5 b4 20. c4 {Hoping for Nd5.} Nd4 21. Nxd4 exd4 ({Much weaker is} 21... Rxd4 22. Bb2 $16) ({Better is} 21... cxd4 $14 22. Nd5 Qc5) 22. Nd5 (22. Ng4 $1 $18 {and White stays clearly on top.}) 22... Nxd5 23. exd5 Bf6 24. Bd3 Qd7 25. Qf3 $36 {[%mdl 2048] White is in control.} Bg7 26. Bg5 Re8 27. Qf4 Bf8 28. Bf6 Rxe1+ (28... a5 $16 {is a better defense.} 29. Qg5 Rxe1+ 30. Rxe1 Re8 31. Rxe8 Qxe8) 29. Rxe1 $18 Re8 30. Rxe8 Qxe8 31. Kf1 Bc8 32. Be5 (32. f3 $142) 32... Qd8 $2 (32... Qe7 $16) 33. Bf6 $2 (33. d6 $18) 33... Qd6 (33... Qe8 $1 $11 {keeps the balance.}) 34. Qg5 (34. Qh4 $16) 34... h6 $2 {[#]} (34... Qh2 $1 $11) 35. Qh4 $1 $16 Bg7 (35... Kh7 $16 36. Bg5 Qd7) 36. Be7 $18 Qe5 {Black wants to play ...Bf5.} 37. hxg6 Bf5 38. gxf7+ $2 (38. Bxf5 $18 {is the precise move to win.} Qxf5 39. g3 (39. Bxc5 Qb1+ {[%mdl 64] Double Attack} 40. Ke2 Qxa2+ 41. Kf1 Qb1+ 42. Ke2 Qc2+ 43. Ke1 Qc3+ 44. Kf1 Qa1+ 45. Ke2 Qb2+ 46. Kf1 Qb1+ 47. Ke2 Qc2+ 48. Ke1 Qc1+ 49. Ke2 Qc2+ $17)) 38... Kxf7 $16 {[#]} 39. Qh5+ $1 Kxe7 40. Qxf5 Qxf5 41. Bxf5 {[%mdl 4096] Endgame KB-KB} Be5 42. g3 a5 43. Kg2 Kf6 44. Bd3 Bd6 45. Kh3 Kg5 46. f4+ Kf6 47. Kg4 Bc7 48. Kh4 Bd6 49. Kg4 Bc7 50. Kf3 Bd6 51. Ke4 Kg6 52. Be2 Kf6 53. Bh5 Bf8 54. Bg4 Bd6 55. Kd3 Bf8 56. Kc2 Kg6 57. Kb2 h5 58. Bd7 h4 59. gxh4 Kh5 {The position is equal.} 60. Kc2 Kxh4 61. Kd3 Kg3 62. f5 Kf4 63. f6 Ke5 64. f7 Kf4 65. Be6 Bd6 66. Bd7 Bf8 67. Be6 Bd6 68. Ke2 Kg3 69. Kd3 {aiming for Ke4.} Kf4 {White really could win this. Accuracy: White = 81%, Black = 72%.} 1/2-1/2